Sandokán
Na minha lista:
| Autor principal: | |
|---|---|
| Formato: | Livro |
| Idioma: | espanhol |
| Publicado em: |
Santiago
Andrés Bello
2008
|
| Edição: | 5a. ed |
| Assuntos: | |
| Tags: |
Adicionar Tag
Sem tags, seja o primeiro a adicionar uma tag!
|
MARC
| LEADER | 00000nam a2200000 a 4500 | ||
|---|---|---|---|
| 001 | UCH9593 | ||
| 003 | CL-VaPUC | ||
| 008 | 100114e20080300CL |||||||||||||||||spa|d | ||
| 020 | |a 9789561314788 | ||
| 082 | 0 | 4 | |a 853 |b SAL |2 21 |
| 100 | 0 | |a Salgari, Emilio |e author |9 546762 | |
| 245 | 1 | 0 | |a Sandokán |
| 250 | |a 5a. ed | ||
| 300 | |a 252 p | ||
| 942 | |c BK | ||
| 945 | |d 20100114 00:00:00 |a dcastane | ||
| 260 | |a Santiago |b Andrés Bello |c 2008 | ||
| 650 | 0 | |a Literatura italiana |9 266970 | |
| 650 | 0 | |a Novela italiana |9 265740 | |
| 583 | |a last modification |c 20100114 00:00:00 |k Rodrigo Vera | ||
| 999 | |c 339514 |d 339512 | ||